| 000 | 00424nam a22001697a 4500 | ||
|---|---|---|---|
| 005 | 20250620142240.0 | ||
| 008 | 250506b |||||||| |||| 00| 0 eng d | ||
| 020 | _a9789356290969 | ||
| 040 | _cSDCL | ||
| 041 | _aeng | ||
| 084 | _aO-,3NBC Q8 LR | ||
| 100 | _aBhagat, Chetan | ||
| 245 | _aGirl in room no. 105 | ||
| 260 |
_aGurugram : _bHarper Collins Publishers, _c2018. |
||
| 300 | _aviii,304p | ||
| 942 |
_2CC _cGB |
||
| 999 |
_c1311821 _d1311821 |
||